|
|
|
|
| LEADER |
01293nam a2200313 a 4500 |
| 001 |
GR-MES15097 |
| 008 |
070202s2007 gr 000 b eng d |
| 020 |
|
|
|a 9780470082805
|
| 040 |
|
|
|a GrPaTEI
|b gre
|c GR-PaULI
|
| 040 |
|
|
|a GrPaTEI
|b gre
|c GR-PaULI
|
| 082 |
|
0 |
|a 006.7
|2 21
|
| 100 |
1 |
|
|a Moore, Dana,
|d 1947-
|
| 245 |
1 |
0 |
|a Professional Rich Internet applications :
|b Ajax and beyond /
|c Dana Moore, Raymond Budd, Edward Benson.
|
| 260 |
|
|
|a Indianapolis, IN :
|b Wiley,
|c c2007
|
| 300 |
|
|
|a xxxii, 565 σ.. :
|b εικ. ;
|c 24 εκ.
|
| 490 |
0 |
|
|a Wrox professional guides
|
| 500 |
|
|
|a Περιλαμβάνει ευρετήριο.
|
| 650 |
|
0 |
|a Ajax (Web site development technology)
|
| 650 |
|
0 |
|a Application software
|x Development
|
| 650 |
|
0 |
|a Internet programming
|
| 650 |
|
4 |
|a Διαδίκτυο
|
| 650 |
|
4 |
|a Ιστοσελίδες (Web sites)
|x Σχεδιασμός
|
| 650 |
1 |
0 |
|a Web site development
|
| 700 |
1 |
|
|a Benson, Edward,
|d 1983-
|
| 700 |
1 |
|
|a Budd, Raymond,
|d 1976-
|
| 942 |
|
|
|2 ddc
|
| 952 |
|
|
|0 0
|1 0
|2 ddc
|4 0
|6 006_700000000000000_ΜΟΟ
|7 0
|9 272924
|a MSLG
|b MSLG
|c BSC
|d 2021-01-17
|e 24
|f 0
|g 0.00
|l 0
|o 006.7 ΜΟΟ
|p 2420000023608
|r 2021-01-17 00:00:00
|t 1
|w 2021-01-17
|y BK15
|x 20090409 0 ΤΣΑΝΤΑΡΛΙΩΤΗ 1
|x GrPaTEI
|
| 971 |
|
|
|a .b25811460
|b 15-04-20
|c 13-09-16
|
| 999 |
|
|
|c 157957
|d 157957
|